<?xml version="1.0" encoding="UTF-8"?>
<record
    xmlns:xsi="http://www.w3.org/2001/XMLSchema-instance"
    xsi:schemaLocation="http://www.loc.gov/MARC21/slim http://www.loc.gov/standards/marcxml/schema/MARC21slim.xsd"
    xmlns="http://www.loc.gov/MARC21/slim">

  <leader>02184nam a2200205 a 4500</leader>
  <controlfield tag="001">000022678</controlfield>
  <controlfield tag="005">20240319112929.0</controlfield>
  <controlfield tag="008">101014s1997    dr c          000 0bspa d</controlfield>
  <datafield tag="040" ind1=" " ind2=" ">
    <subfield code="a">DO-SdBNP</subfield>
    <subfield code="b">spa</subfield>
    <subfield code="c">BNPHU</subfield>
  </datafield>
  <datafield tag="082" ind1=" " ind2=" ">
    <subfield code="a">923.27293</subfield>
    <subfield code="b">J41M</subfield>
  </datafield>
  <datafield tag="100" ind1="1" ind2=" ">
    <subfield code="a">Mart&#xED;nez, Carlos T.,</subfield>
    <subfield code="d">1945-</subfield>
    <subfield code="9">29205</subfield>
  </datafield>
  <datafield tag="245" ind1="1" ind2="0">
    <subfield code="a">Caonabo Javier :</subfield>
    <subfield code="b">perfil de un pol&#xED;tico /</subfield>
    <subfield code="c">Carlos T. Mart&#xED;nez.</subfield>
  </datafield>
  <datafield tag="260" ind1=" " ind2=" ">
    <subfield code="a">Santo Domingo :</subfield>
    <subfield code="b">Catemar,</subfield>
    <subfield code="c">1997.</subfield>
  </datafield>
  <datafield tag="300" ind1=" " ind2=" ">
    <subfield code="a">301 p. :</subfield>
    <subfield code="b">retr. ;</subfield>
    <subfield code="c">22 cm.</subfield>
  </datafield>
  <datafield tag="505" ind1="0" ind2=" ">
    <subfield code="t">A modo de pr&#xF3;logo --</subfield>
    <subfield code="t">Presentaci&#xF3;n --</subfield>
    <subfield code="t">Perfiles de una vida ;</subfield>
    <subfield code="t">Caonabo Javier: su formaci&#xF3;n filos&#xF3;fica y religiosa ;</subfield>
    <subfield code="t">Caonabo Javier : el ingeniero y su constructor ;</subfield>
    <subfield code="t">El estadista y administrador p&#xFA;blico ;</subfield>
    <subfield code="t">Entrevista con un banquero ;</subfield>
    <subfield code="t">Familiares y amigos opinan en relaci&#xF3;n al fallecimiento de Caonabo Javier ;</subfield>
    <subfield code="t">Do&#xF1;a Carmen Peguero vuida Javier ;</subfield>
    <subfield code="t">Alejandro Javier Peguero ;</subfield>
    <subfield code="t">Carmen Isabel Javier Peguero ;</subfield>
    <subfield code="t">Caonabo Julio Javier Peguero ;</subfield>
    <subfield code="t">Dr. Guido D&#xFE21;Alessandro ;</subfield>
    <subfield code="t">V&#xED;ctor M&#xE9;ndez Capell&#xE1;n ;</subfield>
    <subfield code="t">Ing. Guillermo Caram ;</subfield>
    <subfield code="t">Lic. Carlos Julio Michel ;</subfield>
    <subfield code="t">Zolia Mart&#xED;nez de Medina ;</subfield>
    <subfield code="t">Rommel de los Santos ;</subfield>
    <subfield code="t">La odisea de un viaje rumbo a la muerte ;</subfield>
    <subfield code="t">Apolianar Su&#xE1;rez ;</subfield>
    <subfield code="g">Expresiones de personalidades pol&#xED;ticas a ra&#xED;z de su muerte ;</subfield>
    <subfield code="t">Dr. Leonel Fern&#xE1;ndez, Presidente de la Rep&#xFA;blica ,</subfield>
    <subfield code="t">Tambi&#xE9;n Balaguer ;</subfield>
    <subfield code="t">Otras personalidades ;</subfield>
    <subfield code="t">Hatuey Decamps ;</subfield>
    <subfield code="t">Dr. Ricardo Arias Calder&#xF3;n ;</subfield>
    <subfield code="t">Presidente de la Internacional Dem&#xF3;crata Cristiana ;</subfield>
    <subfield code="t">Juan Ar&#xED;stides Taveras Guzm&#xE1;n ;</subfield>
    <subfield code="t">Manfred Huber, representante de la Konrad Adenauer ;</subfield>
    <subfield code="t">Dr. Jos&#xE9; Ignacio Rasco, PDC cubano ;</subfield>
    <subfield code="t">Pedro Pablo Aguilar, COPEI, Venezuela ;</subfield>
    <subfield code="t">Washington Pe&#xF1;a --</subfield>
    <subfield code="g">La prensa dominicana y la muerte de Javier Castillo --</subfield>
    <subfield code="t">Un aut&#xE9;ntico valor ;</subfield>
    <subfield code="t">Caonabo Javier Castillo ;</subfield>
    <subfield code="t">Caonabo Javier Castillo "Ca&#xED;to": In memorian ;</subfield>
    <subfield code="t">Caonabo Javier, a 30 d&#xED;as ;</subfield>
    <subfield code="t">Caonabo Javier fue gran ideol&#xF3;go de la democracia cristiana ;</subfield>
    <subfield code="t">La dolorosa partida ;</subfield>
    <subfield code="t">Caonabo Javier Castillo ;</subfield>
    <subfield code="t">Responso por Ca&#xED;to ;</subfield>
    <subfield code="t">La meta que no logr&#xF3; alcanzar --</subfield>
    <subfield code="t">El entre humano.</subfield>
  </datafield>
  <datafield tag="590" ind1=" " ind2=" ">
    <subfield code="a">Inventariado, 2020/BT</subfield>
  </datafield>
  <datafield tag="600" ind1="1" ind2="4">
    <subfield code="a">JAVIER CASTILLO, CAONABO,</subfield>
    <subfield code="d">1934-1996</subfield>
    <subfield code="9">46629</subfield>
  </datafield>
  <datafield tag="651" ind1=" " ind2="4">
    <subfield code="a">Rep&#xFA;blica Dominicana</subfield>
    <subfield code="v">BIOGRAF&#xCD;AS</subfield>
    <subfield code="9">1083</subfield>
  </datafield>
  <datafield tag="910" ind1=" " ind2=" ">
    <subfield code="a">Validado. Control de calidad MMOLINA</subfield>
  </datafield>
  <datafield tag="952" ind1=" " ind2=" ">
    <subfield code="0">0</subfield>
    <subfield code="1">0</subfield>
    <subfield code="5">4</subfield>
    <subfield code="7">0</subfield>
    <subfield code="8">DS</subfield>
    <subfield code="a">GR</subfield>
    <subfield code="b">GR</subfield>
    <subfield code="c">HD</subfield>
    <subfield code="d">2011-02-25</subfield>
    <subfield code="i">LF1</subfield>
    <subfield code="l">0</subfield>
    <subfield code="o">923.27293 J41M</subfield>
    <subfield code="p">22678-30</subfield>
    <subfield code="r">2020-06-25</subfield>
    <subfield code="t">e.3</subfield>
    <subfield code="w">2020-06-25</subfield>
    <subfield code="y">LFDS</subfield>
    <subfield code="Z">Pr&#xE9;stamo en sala</subfield>
  </datafield>
  <datafield tag="952" ind1=" " ind2=" ">
    <subfield code="0">0</subfield>
    <subfield code="1">0</subfield>
    <subfield code="7">1</subfield>
    <subfield code="8">PD</subfield>
    <subfield code="a">PD</subfield>
    <subfield code="b">PD</subfield>
    <subfield code="c">HD</subfield>
    <subfield code="d">2010-10-14</subfield>
    <subfield code="i">LF1</subfield>
    <subfield code="l">0</subfield>
    <subfield code="o">923.27293 J41M</subfield>
    <subfield code="p">22678-10</subfield>
    <subfield code="r">2020-06-25</subfield>
    <subfield code="w">2020-06-25</subfield>
    <subfield code="y">LFPD</subfield>
    <subfield code="Z">No se presta</subfield>
  </datafield>
  <datafield tag="952" ind1=" " ind2=" ">
    <subfield code="0">0</subfield>
    <subfield code="1">0</subfield>
    <subfield code="7">1</subfield>
    <subfield code="8">PD</subfield>
    <subfield code="a">PD</subfield>
    <subfield code="b">PD</subfield>
    <subfield code="c">HD</subfield>
    <subfield code="d">2010-10-14</subfield>
    <subfield code="i">LF1</subfield>
    <subfield code="l">0</subfield>
    <subfield code="o">923.27293 J41M</subfield>
    <subfield code="p">22678-20</subfield>
    <subfield code="r">2020-06-25</subfield>
    <subfield code="t">e.2</subfield>
    <subfield code="w">2020-06-25</subfield>
    <subfield code="y">LFPD</subfield>
    <subfield code="Z">No se presta</subfield>
  </datafield>
  <datafield tag="999" ind1=" " ind2=" ">
    <subfield code="c">22175</subfield>
    <subfield code="d">22175</subfield>
  </datafield>
</record>
